Experimental embryogenesis in vascular plants. (Record no. 34434)

MARC details
000 -LEADER
fixed length control field 00314nam a2200121Ia 4500
082 ## - DEWEY DECIMAL CLASSIFICATION NUMBER
Classification number 581.3
Item number RAG
100 ## - MAIN ENTRY--AUTHOR NAME
Personal name RAGHAVAN, V
245 #0 - TITLE STATEMENT
Title Experimental embryogenesis in vascular plants.
260 ## - PUBLICATION, DISTRIBUTION, ETC. (IMPRINT)
Place of publication London
Name of publisher Academic
Year of publication 1976
650 ## - SUBJECT ADDED ENTRY--TOPICAL TERM
Topical Term Embryogenesis
942 ## - ADDED ENTRY ELEMENTS (KOHA)
Koha item type Books
Holdings
Withdrawn status Lost status Damaged status Not for loan Home library Current library Date acquired Full call number Accession Number Koha item type
        RRII Library RRII Library 16/12/2021 581.3 RAG 14872 Books